00322nam a2200121Ia 4500008004100000100004700041245004400088260002000132300000800152650001500160942000800175999001700183190216s9999||||xx |||||||||||||| ||und|| aHemant Kulshrestha & Ajay Taneja 0aCsir-Ugc Net/Jrf/Slet Chemical Sciences bUpkar Prakashan a918 aReferences cREF c37001d37001